000 01981cam a2200433 a 4500
005 20260322212010.0
008 data
010 _a 2010040847
020 _a9784805311295 (pbk.)
020 _a4805311290 (pbk.)
040 _aDLC
_cDLC
_dDLC
_dBTCTA
_dYDXCP
_dSINLB
_dTRCLS
_dBWX
_dVP@
_dDLC
041 1 _aeng
_hspa
043 _aa-ja---
050 0 0 _aDS812
_b.G22 2010
082 0 0 _a915.204/5
_222
084 _a361.5
_2njb/9
092 _a915.204 G22 2010
100 1 _aGarcía, Héctor,
_d1981-
240 1 0 _aGeek en Japón.
_lEnglish
245 1 2 _aA geek in Japan :
_b[discovering the land of manga, anime, Zen, and the tea ceremony] /
_cHéctor García.
250 _a1st English-language ed.
260 _aRutland, Vt. :
_aRutland, Vt. :
_bTuttle Pub.,
_cc2010.
300 _a160 p. :
_bill. (some col.), col. maps ;
_c26 cm.
500 _aSubtitle from cover.
500 _aFirst published in Spanish: Barcelona : Norma Editorial, 2008, under title Un geek en Japón.
504 _aIncludes bibliographical references and index.
505 0 _aOrigins of Japanese culture -- Traditional arts and disciplines -- Cultural keys -- Curiosities and symbols of Japan -- Japanese companies -- Japanese society and daily life -- Japan today -- Manga and anime -- Music -- Movies and television -- Visiting Tokyo -- Traveling around Japan -- Epilogue.
650 0 _aYoung men
_xTravel
_zJapan.
650 0 _aGeeks (Computer enthusiasts)
_xTravel
_zJapan.
650 0 _aPopular culture
_zJapan.
651 0 _aJapan
_xDescription and travel.
651 0 _aJapan
_vGuidebooks.
651 0 _aJapan
_xSocial life and customs.
651 0 _aJapan
_xCivilization.
906 _a7
_bcbc
_corignew
_d1
_eecip
_f20
_gy-gencatlg
925 0 _aacquire
_b2 shelf copies
_xpolicy default
955 _exj11 2012-02-15 to BCCD
_wrd05 2010-10-08
_fxj11 2012-02-15 Z-CipVer
_exj11 2012-02-15 to BCCD
001 data
999 _c195
_d195